00360pam a2200121 a 4500020001700000041000500017082001700022100002400039245009100063260003000154300000900184653004500193 a0824753208c h a615.191bWIl aWilliams, Kevin. L. aMicrobial Contamination Control in Parenteral Manufacturing Vol-140hTextual Documents aNew YorkbCRC Pressc2014 a721. aPharmaceutics(Manufacture & Preparation)